| 000 | 00592cam a2200205ua 4500 | ||
|---|---|---|---|
| 001 | 1187 | ||
| 008 | 110613n ii |||gr||||Z||||||asm | ||
| 040 | _cMAIN | ||
| 082 | _a332.4 | ||
| 245 | 1 | 0 |
_aMudra, bank baybasta aru antarjatik banijya _cby Debdas Bharali |
| 250 | _a1st ed. | ||
| 260 |
_aDibrugarh: _bStudents emporium,995. |
||
| 300 |
_axx, 564p.: _c25cm. |
||
| 653 | _aEconomics | ||
| 653 | _amudra, bank baybasta aru antarjatik banijya | ||
| 653 | _aMoney, banking and international trade | ||
| 700 | 1 |
_aBharali, Debdas, _eAuthor. |
|
| 700 | 1 |
_aBaruah, Hem, _eAuthor. |
|
| 942 | _cBK | ||
| 999 |
_c1097 _d1097 |
||